[Event "Tingo Maria San Juan op"]
[Site "Tingo Maria"]
[Date "2012.06.16"]
[Round "3"]
[White "Osorio Mejia, Danny Dionatan"]
[Black "Vergara Palomino, Jorge Luis"]
[Result "0-1"]
[WhiteElo "1871"]
[BlackElo "1966"]
[PlyCount "74"]
[EventDate "2012.06.15"]
[EventType "swiss"]
[EventRounds "7"]
[EventCountry "PER"]
[SourceTitle "EXT 2014"]
[Source "ChessBase"]
[SourceDate "2013.11.20"]
[SourceVersion "1"]
[SourceVersionDate "2013.11.20"]
[SourceQuality "1"]

1. d4 f5 2. c4 Nf6 3. Nc3 e6 4. Bg5 Be7 5. Nf3 0-0 6. g3 Ne4 7. Bxe7 Qxe7 8. Qc2 Nc6 9. Nxe4 fxe4 10. Qxe4 Qb4+ 11. Nd2 Qxb2 12. Rb1 Qxd4 13. Qxd4 Nxd4 14. Bg2 Rb8 15. Rb2 b6 16. e3 Nf5 17. Nb3 Ba6 18. Rc2 c5 19. 0-0 d5 20. e4 dxc4 21. Nxc5 bxc5 22. exf5 Rxf5 23. Re1 Rf6 24. Bf1 Rb4 25. Re5 Rb1 26. Kg2 Bb7+ 27. Kh3 Rxf1 28. Rxc5 R1xf2 29. R2xc4 Rxa2 30. Rc7 Bd5 31. Rb4 a5 32. Rb6 e5 33. Rc8+ Kf7 34. Rc7+ Kg6 35. Rc5 Rxb6 36. Rxd5 Kf5 37. Rd7 Rh6# 0-1